LEADER 01650nam 2200517 450 001 9910480178003321 005 20170821173346.0 010 $a1-4832-2101-6 035 $a(CKB)3710000000201209 035 $a(CaPaEBR)ebrary10996530 035 $a(SSID)ssj0001454701 035 $a(PQKBManifestationID)11820761 035 $a(PQKBTitleCode)TC0001454701 035 $a(PQKBWorkID)11496540 035 $a(PQKB)11197401 035 $a(MiAaPQ)EBC3008843 035 $a(EXLCZ)993710000000201209 100 $a20150106h19811981 uy 0 101 0 $aeng 135 $aurcnu|||||||| 181 $ctxt 182 $cc 183 $acr 200 00$aAbortion and sterilization $emedical and social aspects /$fedited by Jane E. Hodgson ; contributors, S. L. Barron [and twenty-four others] 210 1$aLondon, [England] ;$aNew York, New York :$cAcademic Press :$cGrune & Stratton,$d1981. 210 4$dİ1981 215 $a1 online resource (605 p.) 300 $aBibliographic Level Mode of Issuance: Monograph 311 $a1-322-45941-X 311 $a0-12-792030-7 320 $aIncludes bibliographical references at the end of each chapters and index. 606 $aAbortion 606 $aSterilization (Birth control) 608 $aElectronic books. 615 0$aAbortion. 615 0$aSterilization (Birth control) 676 $a363.46 702 $aHodgson$b Jane E$g(Jane Elizabeth),$f1915- 702 $aBarron$b S. L. 801 0$bMiAaPQ 801 1$bMiAaPQ 801 2$bMiAaPQ 906 $aBOOK 912 $a9910480178003321 996 $aAbortion and sterilization$92242188 997 $aUNINA LEADER 01112nam0 22002651i 450 001 UON00029655 005 20231205102055.79 100 $a20020107d1965 |0itac50 ba 101 $aeng 102 $aSG 105 $a|||| 1|||| 200 1 $aIslamic Law in Malaya$fAhmad Ibrahim 210 $aSingapore$cMalaysian Sociological Research Institute$d1965 215 $a444 p.$d21 cm 606 $aDIRITTO ISLAMICO$xMalesia$3UONC009736$2FI 620 $aSG$dSingapore$3UONL000183 686 $aMAL XV$cMALESIA - DIRITTO$2A 700 1$aIBRAHIM$bAhmad$3UONV003842$0644667 712 $aMalaysian sociological Research Institute$3UONV250938$4650 801 $aIT$bSOL$c20240220$gRICA 912 $aUON00029655 950 $aSIBA - SISTEMA BIBLIOTECARIO DI ATENEO$dSI DOPPI MAL XV 004 $eSI IR 133 7 004 950 $aSIBA - SISTEMA BIBLIOTECARIO DI ATENEO$dSI MAL XV 004 N $eSI IND1317 5 004 N 996 $aIslamic Law in Malaya$91187943 997 $aUNIOR